| 000 | 01402nam a2200325 a 4500 | ||
|---|---|---|---|
| 001 | 000015354 | ||
| 003 | DO-SdBPM | ||
| 005 | 20251010130045.0 | ||
| 007 | ta | ||
| 008 | 100205s2008 dr d 000 spa d | ||
| 040 |
_aDO-SdBNP _bspa _cBPMSU _drda |
||
| 049 | _a | ||
| 082 | 4 |
_a303.4833 _bR426d 2008 _222 |
|
| 110 | 1 |
_aRepública Dominicana. _bOficina Nacional de Estadística |
|
| 245 | 1 | 0 |
_aDiagnostico nacional sobre tecnologías de la información y comunicación (DINATIC) / _cpresentación Pablo Tactuk |
| 264 |
_aSanto Domingo : _bOficina Nacional de Estadística (ONE), _c2008. |
||
| 300 |
_a70 páginas : _bGráficos ; _c21 cm. |
||
| 336 |
_atexto _btxt _2rdacontent |
||
| 337 |
_asin mediación _bn _2rdamedia |
||
| 338 |
_avolumen _bnc _2rdacarrier |
||
| 500 | _aEsta encuesta pretende contribuir a la creación de un conjunto de indicadores sobre el acceso y uso de las tecnologías de la información y la comunicación TIC. por parte del sector productivo y el gobierno central de la República Dominicana. | ||
| 504 | _a | ||
| 590 | _aInventariado, 2025/VM | ||
| 650 | 7 |
_aTecnología de la Información _zRepúbica Dominicana _xEstadísticas |
|
| 650 | 7 |
_aTelecomunicaciones _zRepúbica Dominicana _xEstadísticas |
|
| 650 | 7 | _aSociología del conocimiento. | |
| 700 | 1 |
_aTactuk, Pablo _epresentación |
|
| 910 | _aVMateo V. Control de calidad. BPMSU | ||
| 942 |
_2ddc _cBK |
||
| 999 |
_c15430 _d15430 |
||